00685nam a2200193Ia 4500008004100000020001800041082001500059100001600074245010200090250000700192260003300199300003000232500001900262600002100281650005000302942000700352952011700359999001500476240925s9999 xx 000 0 und d a9780750678087 a004.62 OLE aOlexa , Ron 0aImplementing 802.11,802.16, and 802.20 Wireless Networks: planning,troubleshooting and operations aNA aAmsterdam:bElsevierc,2005. aviii,104p.bNAfPhotocopy aIncludes Index aComputer Science aComputer science, information & general works cBK 001040708CSaUITUbUITUd2007-04-30eS.B.Bg220.00l0o004.62 OLEpQ7024r2024-09-25 07:14:27w2024-09-25yBK c9523d9523